书目信息 |
| 题名: |
食用豆高产栽培技术与综合利用
|
|
| 作者: | 张耀文 , 赵雪英 主编 | |
| 分册: | ||
| 出版信息: | 太原 山西科学技术出版社 2018 |
|
| 页数: | 172页 | |
| 开本: | 17cm | |
| 丛书名: | ||
| 单 册: | ||
| 中图分类: | S52 | |
| 科图分类: | ||
| 主题词: | 豆类作物--高产栽培 , 豆类作物--综合利用 | |
| 电子资源: | ||
| ISBN: | 978-7-5377-5655-6 | |
| 000 | 01174nam0 2200253 45 | |
| 001 | 012001003100 | |
| 005 | 20140101081011.0 | |
| 010 | @a978-7-5377-5655-6@dCNY34.00 | |
| 100 | @a20181030d2017 em y0chiy0110 ea | |
| 101 | 0 | @achi |
| 102 | @aCN@b140000 | |
| 105 | @ay z 000yy | |
| 106 | @ar | |
| 200 | 1 | @a食用豆高产栽培技术与综合利用@9shi yong dou gao chan zai pei ji shu yu zong he li yong@f张耀文,赵雪英主编 |
| 210 | @a太原@c山西科学技术出版社@d2018 | |
| 215 | @a172页@d17cm | |
| 330 | @a山西地处黄土高原,境内水土流失严重,水源奇缺,土地贫瘠,尤其矿产开发对当地的生态环境造成一定的污染与破坏,生态环境恶化,抵御自然灾害能力低,遭到破坏后恢复困难。绿豆、小豆、芸豆等食用豆适应性广,营养价值高,耐旱、耐瘠、耐荫蔽、生育期短、播种适期长,并有固氮养地能力。在农业种植结构调整和高产、优质、高效农业发展中具有其他作物不可替代的作用。本书主要介绍了绿豆、小豆、芸豆等的形态特征、优良品种、栽培技术、病虫害防治和综合利用技术。 | |
| 606 | 0 | @a豆类作物@x高产栽培 |
| 606 | 0 | @a豆类作物@x综合利用 |
| 690 | @aS52@v5 | |
| 701 | 0 | @a张耀文@9zhang yao wen@4主编 |
| 701 | 0 | @a赵雪英@9zhao xue ying@4主编 |
| 801 | 0 | @aCN@b北京卓展@c20191020 |
| 905 | @b1210384-7@dS52@e108@f4 | |
| 食用豆高产栽培技术与综合利用/张耀文,赵雪英主编.-太原:山西科学技术出版社,2018 |
| 172页;17cm |
| ISBN 978-7-5377-5655-6:CNY34.00 |
| 山西地处黄土高原,境内水土流失严重,水源奇缺,土地贫瘠,尤其矿产开发对当地的生态环境造成一定的污染与破坏,生态环境恶化,抵御自然灾害能力低,遭到破坏后恢复困难。绿豆、小豆、芸豆等食用豆适应性广,营养价值高,耐旱、耐瘠、耐荫蔽、生育期短、播种适期长,并有固氮养地能力。在农业种植结构调整和高产、优质、高效农业发展中具有其他作物不可替代的作用。本书主要介绍了绿豆、小豆、芸豆等的形态特征、优良品种、栽培技术、病虫害防治和综合利用技术。 |
| ● |
| 相关链接 |
|
|
|
|
正题名:食用豆高产栽培技术与综合利用
索取号:S52/108
 
预约/预借
| 序号 | 登录号 | 条形码 | 馆藏地/架位号 | 状态 | 备注 |
| 1 | 1210384 | 212103846 | 第二样本阅览室/ [索取号:S52/108] | 在馆 | |
| 2 | 1210385 | 212103855 | 第三借阅区/ [索取号:S52/108] | 在馆 | |
| 3 | 1210386 | 212103864 | 第三借阅区/ [索取号:S52/108] | 在馆 | |
| 4 | 1210387 | 212103873 | 第三借阅区/ [索取号:S52/108] | 在馆 |